[Event "FIDE World Cup 2017"]
[Site "Tbilisi"]
[Date "2017.09.10"]
[Round "3.2"]
[White "Navara, David"]
[Black "Grischuk, Alexander"]
[Result "1/2-1/2"]
[WhiteElo "2720"]
[BlackElo "2788"]
[Annotator "TA"]
[PlyCount "79"]
[EventDate "2017.??.??"]
[EventType "k.o."]
[EventCountry "GEO"]
[SourceTitle "playchess.com"]
[Source "ChessBase"]
[SourceQuality "1"]

{[%evp 18,79,22,13,5,14,32,28,27,18,32,0,2,0,-10,0,0,-28,0,-20,-10,-14,-12,-6,0,0,0,0,0,0,0,0,0,0,0,0,0,0,10,10,2,-8,-4,-4,-4,-8,0,0,0,0,0,0,0,0,0,0,0,0,0,0,0,0,0,0]} 1. e4 e5 2. Nf3 Nf6 3. Nxe5 d6 4. Nf3 Nxe4 5. d4 d5 6. Bd3 Bf5 7. O-O Be7 8. Re1 O-O 9. Nbd2 {[%cal Bb1d2,Bd2f1,Bf1g3,Bg3f5,Bf5e3][%mdl 32] C42: Petroff Defence: 3 Nxe5 and unusual White 3rd moves} (9. c4 Nc6 10. cxd5 Qxd5 11. Nc3 Nxc3 12. bxc3 Rae8 13. h3 Bxd3 14. Qxd3 Bd6 15. Rxe8 Rxe8 16. c4 Qe4 17. Qxe4 Rxe4 {½-½ (37) Ivanchuk,V (2729)-Yu,Y (2753) Danzhou 2017}) 9... Nd6 10. Nf1 {LiveBook: 6 Games} Bxd3 11. Qxd3 Nd7 12. Ng3 Re8 13. Bf4 c6 14. Re2 Bf8 $146 ({Predecessor:} 14... Nf6 15. Rae1 Nfe4 {½-½ (15) Egedi,I (2333)-Mathe,G (2349) Hungary 2008}) 15. Rxe8 (15. Bxd6 $5 Bxd6 16. Rxe8+ Qxe8 17. Nf5 $14) 15... Nxe8 16. Nf5 Nef6 17. Ne5 Ne4 18. f3 {The position is equal.} Nxe5 19. Bxe5 Ng5 20. c3 g6 21. Ne3 Bg7 22. Bxg7 Kxg7 23. Re1 h5 24. h4 Ne6 25. g3 Qd6 26. Kf2 Re8 27. Ng2 c5 28. dxc5 Qxc5+ 29. Kf1 Qb6 30. Qxd5 Qxb2 31. Nf4 Nc7 32. Qd4+ Kg8 33. a4 Rxe1+ 34. Kxe1 {[#] Threatens to win with Qd8+.} Qb1+ 35. Kf2 {Black must now prevent Qd8+.} Ne6 36. Qxa7 Nxf4 37. Qb8+ Kh7 {[#] ( -> ...Qb2+)} 38. Qxf4 Qc2+ 39. Kg1 Qd1+ 40. Kf2 {Precision: White = 63%, Black = 71%.} (40. Kg2 $5 {[%cal Rf4f7]}) 1/2-1/2

[Event "FIDE World Cup 2017"]
[Site "Tbilisi"]
[Date "2017.09.10"]
[Round "3.2"]
[White "Bu, Xiangzhi"]
[Black "Carlsen, Magnus"]
[Result "1/2-1/2"]
[WhiteElo "2714"]
[BlackElo "2827"]
[Annotator "TA"]
[PlyCount "65"]
[EventDate "2017.??.??"]
[EventType "k.o."]
[EventCountry "GEO"]
[SourceTitle "playchess.com"]
[Source "ChessBase"]
[SourceQuality "1"]

{[%evp 23,65,-1,-2,-7,0,-7,71,71,69,69,69,62,61,55,58,58,84,0,0,0,0,0,0,0,0,0,0,0,0,0,9,0,16,0,34,17,94,0,0,0,0,0,0,0]} 1. Nf3 e6 2. c4 d5 3. d4 Nf6 4. Nc3 c6 5. e3 Nbd7 6. Qc2 b6 7. Be2 Bb7 8. O-O Bd6 {D45: Semi-Slav: 5 e3} 9. e4 Nxe4 10. Nxe4 dxe4 11. Qxe4 Nf6 12. Qc2 c5 {LiveBook: 3 Games} 13. Qa4+ {[#]} Nd7 $146 ({Predecessor:} 13... Qd7 14. Qxd7+ Nxd7 15. Be3 Rc8 16. dxc5 Bxc5 {½-½ (24) Speelman,J (2600)-Efimov,I (2530) Escaldes 1998}) 14. Rd1 {Threatens to win with dxc5.} O-O {[#]} (14... Qc7 $11 {remains equal.}) 15. Ne5 $1 $16 {[%cal Re5d7][%mdl 512]} Nf6 (15... Bxe5 16. dxe5) 16. dxc5 bxc5 {[#]} 17. Nd7 $1 {[%mdl 512]} Ne4 (17... Qxd7 18. Qxd7) 18. Rxd6 $1 ({Wrong is} 18. Nxf8 $2 Bxh2+ 19. Kf1 Qh4 $19) 18... Nxd6 19. Nxf8 Qxf8 20. Be3 (20. Bd3 $16) 20... Nf5 $11 21. Rd1 Nxe3 22. fxe3 h6 23. Rd7 Be4 24. Rxa7 Rb8 25. b3 Qd8 26. Qd7 Qf6 27. Rc7 (27. Qe7 $5 {[%cal Re7f6]}) 27... Qa1+ 28. Kf2 Kh7 29. Qxf7 {Black must now prevent Qf4.} Qb2 (29... Bg6 $1 $11 30. Qf4 (30. Qxe6 Rf8+ 31. Bf3 Qxa2+ 32. Kg3 Qa1 $14) 30... Qb2) 30. Qf4 ({Inferior is} 30. Rxc5 Bd3 $17) (30. Qxe6 $16 Bg6 31. Rc8 Rxc8 32. Qxc8) 30... Bd3 {The position is equal.} 31. Rxg7+ $1 Kxg7 32. Qc7+ Kg6 33. Qg3+ {Precision: White = 55%, Black = 57%.} 1/2-1/2

[Event "FIDE World Cup 2017"]
[Site "Tbilisi"]
[Date "2017.09.10"]
[Round "3.2"]
[White "Jobava, Baadur"]
[Black "Nepomniachtchi, Ian"]
[Result "1/2-1/2"]
[WhiteElo "2702"]
[BlackElo "2741"]
[Annotator "TA"]
[PlyCount "48"]
[EventDate "2017.??.??"]
[EventType "k.o."]
[EventCountry "GEO"]
[SourceTitle "playchess.com"]
[Source "ChessBase"]
[SourceQuality "1"]

{[%evp 9,48,0,0,8,0,11,14,2,18,8,31,0,10,14,12,8,10,-20,-23,-42,-46,-35,-44,-33,-52,-64,-50,-82,-55,-89,-50,-50,-62,-50,-61,-39,-53,-36,-28,-49,-36]} 1. b3 e5 {[%cal Be7e5,Be5e4][%mdl 32]} 2. Bb2 Nc6 3. Nf3 e4 4. Nd4 Nxd4 5. Bxd4 d5 6. e3 {A01: Nimzowitsch-Larsen Opening} Ne7 7. Bb2 Nc6 8. d3 {The position is equal.} Qg5 9. Nc3 (9. dxe4 dxe4 10. h4 Qf5 $11) (9. h4 $5 {[%cal Rh4g5]} Qf5 10. Nd2 $11) 9... Bb4 10. a3 Bxc3+ 11. Bxc3 Bg4 12. Qd2 O-O-O (12... O-O 13. h3 {1-0 (68) Van Geet,D (2617)-Kujala,A (2637) ICCF email 2010}) 13. d4 $146 ({Predecessor:} 13. h3) 13... f5 14. Bb4 Bh5 ({Reject} 14... Nxb4 15. axb4 Kb8 16. h3 $14) 15. h4 Qg6 16. g3 Bf3 17. Rg1 Rhe8 ({Much weaker is} 17... Nxb4 18. axb4 Kb8 19. b5 $11) 18. Qc3 Qh5 ({Much worse is} 18... Nxb4 $6 19. axb4 Kb8 20. Kd2 $11) 19. Bc5 Re6 20. b4 {Threatening b5.} b6 21. b5 bxc5 22. bxc6 {[#] Threatening mate with Ba6+.} c4 23. Qa5 {White wants to mate with Qa6+.} Rxc6 24. Qxa7 Rb6 {Precision: White = 47%, Black = 67%.} 1/2-1/2

[Event "FIDE World Cup 2017"]
[Site "Tbilisi"]
[Date "2017.09.10"]
[Round "3.2"]
[White "Vidit, Santosh Gujrathi"]
[Black "Ding, Liren"]
[Result "1/2-1/2"]
[WhiteElo "2702"]
[BlackElo "2771"]
[Annotator "TA"]
[PlyCount "73"]
[EventDate "2017.??.??"]
[EventType "k.o."]
[EventCountry "GEO"]
[SourceTitle "playchess.com"]
[Source "ChessBase"]
[SourceQuality "1"]

{[%evp 23,73,4,0,0,0,0,22,54,77,72,85,41,87,0,0,0,0,0,0,0,0,0,0,0,0,0,0,0,0,0,0,0,0,0,0,0,0,0,0,-25,0,0,0,0,0,0,8,7,7,0,14,8]} 1. d4 Nf6 2. c4 e6 3. Nc3 Bb4 4. e3 O-O 5. Bd3 d5 6. Nf3 dxc4 7. Bxc4 c5 8. O-O cxd4 9. exd4 b6 10. Qe2 {E54: Nimzo-Indian: Rubinstein: Main Line: 7...dxc4 8 Bxc4} Nc6 11. Rd1 Na5 12. Bd3 Bb7 {LiveBook: 9 Games} 13. Ne5 $146 ({Find the theoretical novelty and annotate with similar games:} 13. Bg5 Be7 14. Rac1 Rc8 15. Ne5 Nc6 16. Ba6 Bxa6 17. Qxa6 h6 18. Be3 Nb4 19. Qxa7 Bd6 20. a3 Nbd5 21. Nxd5 Nxd5 22. Rxc8 Qxc8 {1-0 (44) Fedoseev,V (2659)-Wojtaszek,R (2734) Berlin 2015}) 13... Rc8 14. Qe3 Nd5 15. Qg3 f5 {[#]} 16. Bh6 $1 {[%csl Gh6][%cal Rg3g7]} Qe7 17. Bg5 Qe8 18. Bb5 (18. Nxd5 $16 Bxd5 19. Bf4) 18... Nxc3 $11 19. bxc3 Qxb5 20. Bh6 {[%csl Gh6][%cal Rg3g7] [#]} Rc7 21. cxb4 Qxb4 22. Nd3 Qe7 $1 23. Bf4 $1 {[%cal Rf4c7]} Rc6 24. Re1 {Black must now prevent d5!} Qd8 25. Rad1 Nc4 26. Nb4 Rc8 27. Rxe6 Re8 28. Rxe8+ Qxe8 29. Nd3 Qd7 30. Re1 Be4 31. Ne5 Nxe5 32. Bxe5 {The position is equal.} Rc6 {Threatens to win with ...Rg6.} 33. f3 Bd5 34. a3 Rg6 35. Qf4 h6 36. h4 Kh7 37. Rc1 {Precision: White = 84%, Black = 61%.} 1/2-1/2

[Event "FIDE World Cup 2017"]
[Site "Tbilisi"]
[Date "2017.09.10"]
[Round "3.2"]
[White "Najer, Evgeniy"]
[Black "Caruana, Fabiano"]
[Result "1/2-1/2"]
[WhiteElo "2694"]
[BlackElo "2799"]
[Annotator "TA"]
[PlyCount "43"]
[EventDate "2017.??.??"]
[EventType "k.o."]
[EventCountry "GEO"]
[SourceTitle "playchess.com"]
[Source "ChessBase"]
[SourceQuality "1"]

{[%evp 26,43,32,24,35,29,31,26,20,16,21,21,38,15,15,16,18,12,14,19]} 1. e4 e5 2. Nf3 Nf6 3. Nxe5 d6 4. Nf3 Nxe4 5. d4 d5 6. Bd3 Bd6 7. O-O O-O 8. c4 c6 9. Re1 Bf5 10. Qb3 Na6 {C42: Petroff Defence: 3 Nxe5 and unusual White 3rd moves} (10... Qd7 11. Nc3 Nxc3 12. Bxf5 Qxf5 13. bxc3 b6 14. cxd5 cxd5 15. Qb5 Qd7 16. Rb1 Rc8 17. g3 Bf8 18. Bd2 {½-½ (51) Vachier Lagrave,M (2796)-Caruana,F (2808) Stavanger 2017}) 11. Nc3 dxc4 12. Bxc4 Nxc3 13. bxc3 b5 14. Bf1 {LiveBook: 16 Games} Re8 15. Bg5 $146 {[%cal Bc1g5,Bg5h4,Bh4g3][%mdl 32]} ({Find the theoretical novelty and annotate with similar games:} 15. Rxe8+ Qxe8 16. a4 Nc7 17. axb5 cxb5 18. c4 {½-½ (52) Jordan Martinez,D (2145)-Durandeau,J (1949) Benidorm 2007}) 15... Qc8 16. Bh4 Nc7 17. Bg3 Qd7 18. c4 bxc4 19. Rxe8+ Rxe8 {The position is equal.} 20. Bxc4 {[#] Strongly threatening Bxd6.} Be6 21. Rc1 Nd5 22. Qa4 1/2-1/2

[Event "FIDE World Cup 2017"]
[Site "Tbilisi"]
[Date "2017.09.10"]
[Round "3.2"]
[White "Kuzubov, Yuriy"]
[Black "Wang, Hao"]
[Result "0-1"]
[WhiteElo "2688"]
[BlackElo "2701"]
[Annotator "TA"]
[PlyCount "134"]
[EventDate "2017.??.??"]
[EventType "k.o."]
[EventCountry "GEO"]
[SourceTitle "playchess.com"]
[Source "ChessBase"]
[SourceQuality "1"]

{[%evp 13,134,4,3,2,5,0,2,0,10,0,0,2,5,2,4,7,7,0,0,0,0,0,0,0,0,-4,8,-7,0,0,0,-5,0,-1,0,0,0,-11,-10,-128,-135,-120,-127,-128,-124,-171,-165,-178,-168,-171,-152,-198,-207,-349,-345,-412,-399,-411,-396,-402,-392,-485,-479,-475,-469,-422,-295,-325,-279,-317,-302,-339,-317,-354,-329,-383,-383,-392,-314,-385,-368,-361,-346,-342,-332,-326,0,-316,-298,-339,-290,-334,-260,-337,-324,-331,-319,-325,-316,-309,-326,-294,-318,-349,-349,-342,-342,-347,-297,-339,-304,-1112,-1001,-1094,-1092,-29974,-1204,-29975,-29976,-29973,-6187,-6179,-5213]} 1. e4 e5 2. Nf3 Nc6 3. Bb5 Nf6 4. d3 Bc5 5. Bxc6 dxc6 6. Qe2 {C65: Ruy Lopez: Berlin Defence (3...Nf6), unusual lines and 4 0-0 Bc5} (6. O-O Qe7 7. Nbd2 Bg4 8. h3 Bh5 9. a3 a5 10. Nc4 Nd7 11. g4 Bg6 12. b4 axb4 13. Bg5 f6 14. axb4 Rxa1 15. Qxa1 {½-½ (30) Anand,V (2783)-Nakamura,H (2792) Saint Louis 2017}) 6... Nd7 7. Be3 Bd6 {LiveBook: 6 Games} 8. Nbd2 {The position is equal.} c5 $146 ({Predecessor:} 8... Qe7 9. d4 f6 10. O-O-O b5 11. c4 Qf7 12. Kb1 a6 13. c5 Be7 {1-0 (23) Vaibhav,S (2558)-Wacker,P (2358) Biel 2017}) 9. Nc4 O-O 10. O-O Re8 11. Nfd2 Nf8 12. Nxd6 cxd6 13. f4 exf4 14. Bxf4 Ng6 15. Be3 Be6 16. Qf2 b6 17. c4 a6 18. b3 b5 19. Nf3 f6 20. Bd2 Rb8 21. Bc3 Rb7 22. Qd2 Rbe7 23. Rf2 Qd7 24. Raf1 Ra8 25. Ne1 a5 26. Bxa5 {[#]} (26. cxb5 $11 {remains equal.} Qxb5 27. Nc2) 26... b4 $1 $17 27. Bxb4 cxb4 28. Qxb4 Ne5 29. Qd2 Qa7 {Threatens to win with ...Ng4.} 30. h3 Qd4 31. Qb2 Qe3 32. Qe2 {[#]} Qb6 $1 33. Nf3 (33. Qd2 $142) 33... Nxf3+ $19 34. gxf3 Rea7 (34... Bxh3 35. Rd1 $19) 35. Ra1 Bxh3 36. Kh2 Be6 37. Rg2 Ra5 {( -> ...Rh5+)} 38. Qf2 Rh5+ 39. Kg1 Qb4 40. Rd1 Rg5 41. f4 Rxg2+ 42. Qxg2 Qc3 43. Kh1 Qd4 44. f5 Bf7 45. Rd2 g6 46. Qf2 Qa1+ 47. Kh2 Qc1 48. Rc2 Qd1 49. Rd2 Qc1 50. Rc2 $1 {[%cal Rc2c1]} Qb1 51. Qd2 Qf1 52. a4 g5 ({Less strong is} 52... gxf5 53. Qg2+ Qxg2+ 54. Rxg2+ Kf8 55. exf5 $17) ({Resist} 52... Qf3 53. Qc3 $19) 53. Rc1 Qf3 54. Rg1 Qh5+ 55. Kg2 Qg4+ 56. Kf2 Qh4+ 57. Kg2 Re8 58. Qf2 {White wants to play Qxh4.} Qg4+ 59. Kh2 Qh5+ 60. Kg2 {[#]} d5 $1 61. cxd5 {[#]} Bxd5 $1 {[%mdl 512]} 62. Qd4 $2 (62. Qf3 Qxf3+ 63. Kxf3 Bxb3 64. Ra1) (62. exd5 Re2) 62... Rc8 63. Qb2 Qg4+ 64. Kh2 Qh4+ 65. Kg2 {[#]} Bxe4+ $1 {[%mdl 512]} 66. dxe4 Qxe4+ 67. Kh3 Rc2 {Precision: White = 43%, Black = 86%.} 0-1

[Event "FIDE World Cup 2017"]
[Site "Tbilisi"]
[Date "2017.09.10"]
[Round "3.2"]
[White "Rapport, Richard"]
[Black "Li, Chao b"]
[Result "1/2-1/2"]
[WhiteElo "2675"]
[BlackElo "2745"]
[Annotator "TA"]
[PlyCount "41"]
[EventDate "2017.??.??"]
[EventType "k.o."]
[EventCountry "GEO"]
[SourceTitle "playchess.com"]
[Source "ChessBase"]
[SourceQuality "1"]

{[%evp 17,41,0,0,0,0,0,0,0,0,0,0,-5,0,-3,0,-2,-12,-9,-3,-11,-7,0,-8,-3,-8,-10]} 1. d4 Nf6 2. c4 g6 3. Nf3 Bg7 4. g3 c6 5. Nc3 d5 6. cxd5 cxd5 7. Ne5 O-O 8. Bg2 Bf5 9. O-O Ne4 {The position is equal.} 10. g4 {D79: Fianchetto Grünfeld: Symmetrical Variation (6 0-0 c6 7 cxd5 cxd5)} (10. Bf4 Nc6 11. Nxc6 {½-½ (11) Prohaszka,P (2596)-Mamedov,R (2689) Minsk 2017}) 10... Nxc3 11. bxc3 Be6 12. f4 f6 13. Nd3 Bxg4 {[#]} 14. Rb1 $146 ({Predecessor:} 14. f5 Bxf5 15. Rxf5 gxf5 16. Nf4 Kh8 17. c4 dxc4 18. Bxb7 {1-0 (37) Delchev,A (2557)-Stevic,H (2476) Pula 2000}) 14... e6 15. c4 (15. h3 $5 {[%cal Rh3g4]} Bf5 16. Rxb7 $15) 15... Nc6 16. Nf2 Bh5 17. f5 gxf5 18. cxd5 exd5 19. Rxb7 Re8 20. Rb2 Rb8 21. Rxb8 1/2-1/2

[Event "FIDE World Cup 2017"]
[Site "Tbilisi"]
[Date "2017.09.10"]
[Round "3.2"]
[White "Dubov, Daniil"]
[Black "Artemiev, Vladislav"]
[Result "1-0"]
[WhiteElo "2666"]
[BlackElo "2692"]
[Annotator "TA"]
[PlyCount "81"]
[EventDate "2017.??.??"]
[EventType "k.o."]
[EventCountry "GEO"]
[SourceTitle "playchess.com"]
[Source "ChessBase"]
[SourceQuality "1"]

{[%evp 21,81,63,51,0,0,-77,28,-55,0,-66,-53,-55,-68,-59,-66,-40,-48,-52,-38,-111,-115,-189,-187,-166,-160,-179,-132,-127,-129,-136,-127,-148,-148,-145,-135,-104,93,81,250,254,256,258,259,253,435,457,443,428,395,394,387,371,789,720,29973,29974,29969,29970,29975,29975,29974,29974]} 1. e4 c5 2. Nf3 d6 3. d4 cxd4 4. Nxd4 Nf6 5. Nc3 a6 6. Bg5 e6 7. f4 h6 8. Bh4 Be7 9. Qf3 Nbd7 10. O-O-O {B98: Sicilian Najdorf: 6 Bg5 e6 7 f4 Be7, sidelines} g5 (10... Qc7 11. Bd3 g5 12. fxg5 Ne5 13. Qe2 Nfg4 14. Nf3 hxg5 15. Bg3 Bd7 16. h3 Nxf3 17. hxg4 Rxh1 18. Rxh1 Nh4 19. Qf1 Qa5 20. Be1 Qc5 21. Bf2 Qa5 22. Bd4 e5 23. Be3 Rc8 {1-0 (36) Savchenko,B (2567)-Lu,S (2615) Olongapo City 2015}) 11. fxg5 hxg5 {LiveBook: 6 Games} 12. Bg3 (12. Bxg5 $14 Ne5 13. Qf4) 12... Qc7 $11 13. Bb5 $146 (13. Be2 $11 {remains equal.}) ({Find the theoretical novelty and annotate with similar games:} 13. Bd3 Ne5 14. Qe2 Nh5 15. Nf3 Nxg3 16. hxg3 Rxh1 17. Rxh1 {0-1 (42) Sukandar,I (2366)-Wirig,A (2510) Biel 2011}) 13... g4 ({Black should play} 13... axb5 $17 14. Ndxb5 Qc5 15. Bxd6 Bxd6 16. Nxd6+ Ke7) 14. Qe2 (14. Bxd7+ $11 Bxd7 15. Qf2) 14... e5 (14... axb5 $15 15. Ndxb5 Qc5 16. Nxd6+ Kf8) 15. Nf5 (15. Bxd7+ $11 Bxd7 16. Nb3) 15... axb5 $15 16. Nxb5 Qc6 17. Nbxd6+ Bxd6 18. Nxd6+ Kf8 19. a3 Ne8 20. Nf5 ({White should try} 20. Nxe8 $1 $15 Kxe8 21. Rd5) 20... Ra4 $1 $17 {And now ...Ndf6 would win.} 21. Be1 (21. Qxg4 $17 Ndf6 22. Qf3) 21... Ndf6 $19 {[%cal Bd7f6,Bf6e4,Be4g3,Bg3e2][%mdl 32]} (21... Rxe4 22. Bb4+ Rxb4 23. axb4 $17) (21... Qxe4 22. Qxe4 Rxe4 23. Bb4+ Rxb4 24. axb4 $17) 22. Ng3 Nxe4 23. Rd8 Be6 {Strongly threatening ...f6.} 24. Bb4+ {[#]} Rxb4 $1 25. axb4 Nxg3 26. Qxe5 Ke7 $1 (26... Nxh1 27. b5 $16) (26... Rh3 $6 27. Rhd1 $11) 27. Rhd1 Rxh2 28. b5 Ne2+ $2 (28... Qxg2 29. Rxe8+ $1 {[%mdl 512]} Kxe8 30. Qb8+ Bc8 31. Qxc8+ Ke7 32. Qd8+ Ke6 33. Rd6+ Ke5 34. Qf6+ Ke4 35. Qd4+ Kf5 36. Rf6+ Kg5 37. Qe5+ Nf5 38. Rxf5+ Kh6 39. Qf6+ Kh7 40. Qxf7+ Kh8 41. Qf8+ Kh7 42. Rf7+ Kg6 43. Qg8+ Kh6 44. Rh7#) (28... Qc4 $17 {stays on course.} 29. Qxg3 Rh5) 29. Kb1 $16 Qc4 $2 {[#]} (29... Qxg2 {[#]} 30. Rxe8+ $1 {[%mdl 512]} Kxe8 31. Qb8+ Bc8 32. Qxc8+ Ke7 33. Qc5+ Kf6 34. Rd6+ Kg7 35. Qg5+ Kh7 36. Qf5+ Kg8 37. Rd8+ Kg7 38. Qg5+ Kh7 39. Qg8+ Kh6 40. Rd6+ f6 41. Rxf6+ Kh5 42. Qh7+ Kg5 43. Rf5#) (29... Qb6 $16 {was called for.} 30. Qxh2 Qa5) 30. Rxe8+ $1 $18 {[%mdl 512]} Kxe8 {[%csl Ge6][%cal Rc4a2]} 31. Qb8+ Bc8 32. Qxh2 Nc3+ $2 (32... f6 33. Qh8+ Ke7) 33. bxc3 Qxb5+ {[%mdl 4096] Endgame KQR-KQB} 34. Kc1 {Intending Qh8+ and mate.} Qg5+ 35. Rd2 {White wants to mate with Qh8+.} Qa5 {[%cal Ra5a1]} 36. Rd4 {Threatens to win with Qh8+.} ({Much less strong is} 36. Qh8+ Ke7 $18) 36... Qg5+ $2 (36... Be6 37. Qd6 Qa1+ 38. Kd2 Qa5) 37. Kd1 {Threatening mate with Qh8+.} Qf6 38. Qc7 {White mates.} Qf1+ 39. Kd2 {[%csl Gc7][%cal Rd4d8]} Qxg2+ 40. Kc1 {[%csl Gc7][%cal Rd4d8]} Qf1+ 41. Rd1 {Precision: White = 52%, Black = 41%.} 1-0

[Event "FIDE World Cup 2017"]
[Site "Tbilisi"]
[Date "2017.09.10"]
[Round "3.2"]
[White "Sethuraman, S P"]
[Black "Giri, Anish"]
[Result "1/2-1/2"]
[WhiteElo "2617"]
[BlackElo "2777"]
[Annotator "TA"]
[PlyCount "155"]
[EventDate "2017.??.??"]
[EventType "k.o."]
[EventCountry "GEO"]
[SourceTitle "playchess.com"]
[Source "ChessBase"]
[SourceQuality "1"]

{[%evp 24,155,7,1,20,22,41,20,31,42,97,93,102,99,101,98,104,96,98,110,102,106,110,136,450,423,541,540,495,486,476,478,484,476,573,577,508,274,320,212,294,332,332,332,317,310,312,299,299,279,420,378,391,0,351,0,476,434,534,326,291,266,509,527,502,0,343,338,328,325,325,325,317,279,323,62,95,50,47,49,80,25,23,0,87,8,8,0,98,98,99,90,88,88,91,80,80,80,88,88,89,8,8,8,8,8,8,8,8,8,8,8,8,8,84,8,8,8,8,8,8,8,8,8,8,8,8,8,8,8,8,8,8,8]} 1. e4 c5 2. Nf3 d6 3. d4 cxd4 4. Nxd4 Nf6 5. Nc3 a6 6. Be2 e5 7. Nb3 Be7 8. Be3 Be6 9. Qd3 O-O 10. O-O Nbd7 11. Nd5 Bxd5 12. exd5 Rc8 13. c4 {LiveBook: 67 Games} g6 {B92: Sicilian Najdorf: 6 Be2} (13... Ne8 14. Qd2 b6 15. Rac1 a5 16. Na1 g6 17. b4 Ng7 18. bxa5 bxa5 19. Bd3 Nc5 20. Bc2 a4 21. Rb1 {0-1 (66) Carlsen,M (2853)-Grischuk,A (2771) Saint Louis 2015}) 14. Rac1 Ne8 15. Qd2 $146 ({Find the theoretical novelty and annotate with similar games:} 15. Rfd1 b6 16. Qd2 Ng7 17. Na1 Nf5 18. b4 Nxe3 19. fxe3 f5 20. Nb3 Bg5 21. c5 {0-1 (34) Wozniak,M (2198)-Mammadzada,G (2355) Khanty-Mansiysk 2015}) 15... Ng7 16. Na5 Nf5 (16... Rc7 $14) 17. Nxb7 $16 Qc7 18. Na5 $1 $36 {[%mdl 2048] Keeping Black busy.} Nxe3 19. fxe3 Bg5 20. b4 Qb6 21. Rf3 $1 {[%cal Bf1f3,Bf3g3,Bg3g6,Bg6d6,Bd6e6][%mdl 32]} f5 22. Nc6 f4 23. Qc2 fxe3 $2 {[%mdl 8192]} (23... e4 $16 24. Qxe4 Rce8) 24. Rg3 $18 Bh4 {[#]} 25. Rxg6+ $1 {[%mdl 512]} Kh8 (25... hxg6 26. Qxg6+) 26. Rxd6 Nf6 27. g3 Qc7 28. Re6 (28. gxh4 Qxd6 29. Rf1 Nxd5 $1 $19 {[%mdl 512]}) 28... Bxg3 29. hxg3 Qg7 30. Bf3 e2 31. g4 (31. Qxe2 Qxg3+ 32. Qg2 Qf4 $14) 31... Nxd5 32. Qxe2 (32. Bxd5 $2 Qxg4+ 33. Bg2 Rg8 $19) ({And not} 32. cxd5 Rxf3 33. Qe4 (33. Qxe2 {is a self mate.} Qxg4+ 34. Qg2 Rg3 35. Rc2 Rg8 36. Rg6 Rxg6 37. Kf1 Rxg2 38. Rxg2 Qxg2+ 39. Ke1 Rh6 40. Nxe5 Rh1#) 33... Rcf8 $11) 32... Nf4 33. Qxe5 Nxe6 34. Qxe6 Rce8 35. Qd5 Rf4 36. Rf1 Re3 (36... Rxg4+ {was called for.} 37. Bxg4 Qxg4+ 38. Qg2 Rg8 39. Qxg4 Rxg4+ 40. Kh1 Rxc4) 37. Qd8+ Rf8 38. Qd5 Rf4 39. Rf2 $2 (39. Kh2 $18) 39... Re1+ $2 {[%mdl 8192]} (39... Rexf3 $1 $11 {and Black stays safe.} 40. Rxf3 Rxg4+ 41. Kf2 Qb2+ 42. Ke3 Qc3+ 43. Ke2 Qc2+ 44. Ke3 Qc3+ 45. Ke2 Qc2+ 46. Ke3 Qc3+) 40. Kh2 $1 Qh6+ 41. Kg2 Qh4 42. Qd7 Rxc4 $2 (42... h5) 43. Qc8+ Kg7 {White must now prevent ...Qh1+.} 44. Qd7+ Kh8 45. Nd4 h5 46. Rf1 hxg4 47. Bxg4 {[%cal Rf1f8]} Rxf1 48. Kxf1 ({Not} 48. Qe8+ Kh7 $16) 48... Qf6+ 49. Nf3 $2 (49. Bf5 $18 {[%csl Gf5][%cal Rd7h7]} Rc1+ 50. Ke2 Qe5+ 51. Kd3 Qg3+ 52. Ke4 Qe1+ 53. Kd5 Qh1+ 54. Ke6 Qh6+ 55. Kd5 Qh1+ 56. Be4 Qh5+ 57. Qf5 Qxf5+ 58. Bxf5) 49... Rxb4 50. Qc8+ Kg7 $1 51. Qc7+ Kh6 52. Qh2+ ({White should try} 52. Qd7 $1 $16) 52... Kg7 $11 {...Rb1+ is the strong threat.} 53. Qc7+ (53. Qh5 $11) 53... Kh6 $16 {[#]} 54. Qc1+ (54. Qd7 $1 $16) 54... Kg7 $11 55. Qd1 Rxg4 {[%mdl 4096] Endgame KQR-KQN} (55... Qf7 $11 {remains equal.} 56. Qd7 Rf4 57. Qxf7+ Kxf7) 56. Qd7+ $16 Kf8 57. Qc8+ Ke7 58. Qxg4 Qa1+ 59. Kg2 Qxa2+ 60. Kg3 Qe6 61. Qg7+ Kd6 62. Qa7 ({Better is} 62. Qd4+ $16 Kc7 63. Qa7+ Kc8 64. Qc5+ Kb7 65. Ne5) 62... Qg6+ $11 63. Kf4 {Threatening mate with Qb6+.} Qf6+ 64. Ke3 Qc3+ 65. Ke4 Qb4+ 66. Nd4 Qe1+ 67. Kd3 Qd1+ 68. Kc3 Qa1+ {[#]} (68... Qe1+ $1 $11 {keeps the balance.} 69. Kb2 Qf2+ 70. Kb3 Qe3+ 71. Kc4 Qc1+ 72. Kd3 Qb1+ 73. Kd2 Qb4+ 74. Ke3 Qc3+ 75. Ke4 Qe1+ 76. Kd3 Qf1+ 77. Kc3 Qe1+ 78. Kc2 Qf2+ 79. Kd1 Qf1+ 80. Kc2 Qf2+ 81. Kd3 Qf1+ 82. Kc2 Qf2+) 69. Kc2 (69. Kd2 $1 $16) 69... Qa2+ {The position is equal.} 70. Kd3 Qb1+ 71. Ke3 Qg1+ 72. Kd2 Qf2+ 73. Kc3 {Hoping for Nb5+!} (73. Kd3 $5 {[%cal Rd4b5]} Qf1+ 74. Kc3 $14) 73... Qe1+ 74. Kb2 Qb4+ 75. Nb3 a5 $1 76. Qa6+ Kc7 77. Qxa5+ Qxa5 78. Nxa5 {Precision: White = 55%, Black = 45%.} 1/2-1/2